[Event "59th World Juniors 2022"]
[Site "Cala Gonone ITA"]
[Date "2022.10.18"]
[Round "7.16"]
[White "Parkhov, Yair"]
[Black "Manish Anto, Cristiano F"]
[Result "1/2-1/2"]
[WhiteTitle "IM"]
[BlackTitle "IM"]
[WhiteElo "2484"]
[BlackElo "2332"]
[WhiteFideId "2813408"]
[BlackFideId "25095927"]
[EventDate "2022.10.12"]

1. d4 Nf6 2. c4 e6 3. Nc3 Bb4 4. e3 O-O 5. Bd3 d5 6. a3 Bxc3+ 7. bxc3 dxc4 8.
Bxc4 c5 9. Ne2 Qc7 10. Bd3 b6 11. O-O Ba6 12. e4 Bxd3 13. Qxd3 Nbd7 14. Bf4 Qc6
15. f3 Rac8 16. a4 Rfd8 17. Qb5 h6 18. Rfd1 Qb7 19. Ng3 cxd4 20. cxd4 Nf8 21.
Be5 Ne8 22. Nf1 Ng6 23. Bg3 Nf6 24. a5 Qd7 25. Qxd7 Rxd7 26. axb6 axb6 27. Rab1
Rc4 28. Bf2 Nf4 29. Rb2 g5 30. Be3 Rc6 31. Ng3 Ng6 32. Rdb1 Rb7 33. Rb5 Kh7 34.
R1b2 Ne7 35. h4 gxh4 36. Nh5 Ne8 37. R5b3 Nd6 38. Bf2 f5 39. Re2 fxe4 40. fxe4
Ng6 41. Kh2 Rc1 42. Ra3 Rf7 43. e5 Nb5 44. Rf3 Rxf3 45. gxf3 Nc3 46. Nf6+ Kg7
47. Rb2 Nd1 48. Ra2 Nxf2 49. Rxf2 Rd1 50. Nh5+ Kf7 51. f4 Rxd4 52. f5 Nxe5 53.
fxe6+ Kxe6 54. Rf6+ Ke7 55. Rxb6 Rd3 56. Rb4 Kf7 57. Rb7+ Kf8 58. Rb4 Ke7 59.
Kg2 Ng6 60. Rg4 Kf7 61. Kh2 Ne5 62. Rb4 Re3 63. Kg2 h3+ 64. Kh2 Nd3 65. Rb3 Rf3
66. Ng3 Kg6 67. Rb8 Nf4 68. Rb6+ Kg5 69. Rb2 Nd3 70. Ra2 Nf2 71. Ra5+ Kg6 72.
Ra6+ Kf7 73. Ra5 Ke6 74. Ra6+ Ke5 75. Ra5+ Kd4 76. Rf5 Ke3 77. Nf1+ Ke4 78. Ng3+
Rxg3 79. Kxg3 Kxf5 80. Kxf2 1/2-1/2

[Event "59th World Juniors 2022"]
[Site "Cala Gonone ITA"]
[Date "2022.10.18"]
[Round "7.17"]
[White "Barseghyan, Armen Ar."]
[Black "Iniyan, P"]
[Result "0-1"]
[WhiteTitle "IM"]
[BlackTitle "GM"]
[WhiteElo "2402"]
[BlackElo "2541"]
[WhiteFideId "13306707"]
[BlackFideId "25002767"]
[EventDate "2022.10.12"]

1. d4 Nf6 2. c4 e6 3. Nf3 d5 4. Nc3 a6 5. cxd5 exd5 6. Bg5 Be6 7. Bxf6 Qxf6 8.
Qb3 Ra7 9. h4 Bd6 10. e3 h6 11. Bd3 Nd7 12. O-O-O b5 13. Qc2 c5 14. dxc5 Nxc5
15. Bxb5+ axb5 16. Nxb5 Qe7 17. Nxa7 Qxa7 18. Nd4 Qxa2 19. b4 Qa3+ 20. Kb1 Ne4
21. Rd3 Qxb4+ 22. Kc1 O-O 23. Rb3 Qa4 24. Kb1 Ra8 25. Qb2 Nd2+ 0-1

[Event "59th World Juniors 2022"]
[Site "Cala Gonone ITA"]
[Date "2022.10.18"]
[Round "7.18"]
[White "Mladek, Richard"]
[Black "Budisavljevic, Luka"]
[Result "1/2-1/2"]
[WhiteTitle "FM"]
[BlackTitle "GM"]
[WhiteElo "2371"]
[BlackElo "2524"]
[WhiteFideId "386588"]
[BlackFideId "960047"]
[EventDate "2022.10.12"]

1. d4 Nf6 2. c4 e6 3. Nc3 Bb4 4. e3 O-O 5. Bd2 c5 6. a3 Bxc3 7. Bxc3 Ne4 8. Ne2
b6 9. d5 Bb7 10. f3 Nxc3 11. Nxc3 exd5 12. cxd5 d6 13. Bd3 a6 14. a4 Re8 15. O-O
Nd7 16. Qc2 Qh4 17. e4 Qf6 18. Qf2 Rac8 19. Rae1 Qd4 20. Qxd4 cxd4 21. Ne2 Nc5
22. Rd1 Bxd5 23. exd5 Nxd3 24. Rd2 Rc4 25. b3 Rb4 26. Rfd1 Re3 27. Kf1 Nc5 28.
Nxd4 Nxb3 29. Rc2 Nc5 30. Nf5 Ra3 31. Re2 h6 32. Nxd6 Raxa4 33. Nc8 Rd4 34. Rxd4
Rxd4 35. Re8+ Kh7 36. Nxb6 Rb4 37. Rb8 a5 38. Rc8 Nd3 39. Nd7 Rb1+ 40. Ke2 Nf4+
41. Kd2 Nxd5 42. Nf8+ Kg8 43. Ng6+ Kh7 44. Nf8+ 1/2-1/2

[Event "59th World Juniors 2022"]
[Site "Cala Gonone ITA"]
[Date "2022.10.18"]
[Round "7.19"]
[White "Rohith, Krishna S"]
[Black "Davtyan, Artur"]
[Result "1/2-1/2"]
[WhiteTitle "FM"]
[BlackTitle "IM"]
[WhiteElo "2370"]
[BlackElo "2517"]
[WhiteFideId "46617051"]
[BlackFideId "13308327"]
[EventDate "2022.10.12"]

1. d4 d5 2. Nf3 c6 3. g3 Bf5 4. Bg2 Nd7 5. O-O e6 6. Nfd2 Ngf6 7. c4 Nb6 8. b3
Be7 9. Bb2 O-O 10. Nc3 Qc7 11. e4 dxe4 12. Ncxe4 Rfd8 13. Qe2 a5 14. h3 a4 15.
Qe3 h6 16. Bc3 Nxe4 17. Nxe4 Bxe4 18. Bxe4 Bg5 19. Qf3 Bf6 20. Rad1 axb3 21.
axb3 Rd7 22. Bc2 Rad8 23. Qe4 g6 24. Rd3 Nc8 25. Rfd1 Ne7 26. Qf3 Bg7 27. g4 b6
28. h4 Rd6 29. R3d2 R8d7 30. Qe3 Qd8 31. Kf1 Nc8 32. h5 gxh5 33. gxh5 Qh4 34.
Qf3 Bxd4 35. Rxd4 Rxd4 36. Rxd4 Rxd4 37. Bxd4 Qxd4 38. Qxc6 Nd6 39. Qa8+ Kg7 40.
Qg2+ Kf8 41. Qa8+ Ke7 42. Qf3 Qd2 43. Qe2 Qc1+ 44. Kg2 Qg5+ 45. Kf1 Qh4 46. Ke1
Qd4 47. Qd2 Qe5+ 48. Qe2 Qd4 49. Qd2 Qe5+ 50. Qe2 Qd4 1/2-1/2

[Event "59th World Juniors 2022"]
[Site "Cala Gonone ITA"]
[Date "2022.10.18"]
[Round "7.20"]
[White "Galaviz Medina, Sion Radamantys"]
[Black "Zhu, Jiner"]
[Result "0-1"]
[WhiteTitle "IM"]
[BlackTitle "WGM"]
[WhiteElo "2345"]
[BlackElo "2484"]
[WhiteFideId "5123119"]
[BlackFideId "8608059"]
[EventDate "2022.10.12"]

1. d4 f5 2. c4 Nf6 3. Nc3 g6 4. g3 Bg7 5. Bg2 O-O 6. e3 d6 7. Nge2 e5 8. O-O Nc6
9. b3 Bd7 10. Ba3 e4 11. Nf4 g5 12. Nfd5 Nxd5 13. Nxd5 Ne7 14. Nc3 Qe8 15. Qc2
h5 16. f3 exf3 17. Bxf3 Bc6 18. Rae1 Bxf3 19. Rxf3 Qd7 20. Bb2 Rae8 21. Nd1 c6
22. Ref1 Qe6 23. Qd3 g4 24. R3f2 h4 25. Re2 Rf7 26. Kf2 hxg3+ 27. hxg3 Qe4 28.
Qxe4 fxe4+ 29. Ke1 Rf3 30. Rxf3 exf3 31. Rh2 Nf5 32. Kf2 Kf7 33. Rh1 Kg6 34. Bc1
Bxd4 35. Rg1 Be5 36. e4 Bd4+ 0-1

[Event "59th World Juniors 2022"]
[Site "Cala Gonone ITA"]
[Date "2022.10.18"]
[Round "7.21"]
[White "Stefansson, Vignir Vatnar"]
[Black "Stremavicius, Pijus"]
[Result "1-0"]
[WhiteTitle "IM"]
[BlackTitle "FM"]
[WhiteElo "2471"]
[BlackElo "2363"]
[WhiteFideId "2308649"]
[BlackFideId "12812730"]
[EventDate "2022.10.12"]

1. d4 Nf6 2. c4 e6 3. g3 d5 4. Bg2 h6 5. Nf3 Bd6 6. O-O O-O 7. Nc3 Nc6 8. b3
dxc4 9. bxc4 e5 10. d5 Nb4 11. c5 Bxc5 12. Nxe5 Re8 13. Nc4 c6 14. dxc6 Nxc6 15.
Bf4 Be6 16. Nd6 Bxd6 17. Qxd6 Qa5 18. Rfc1 Rad8 19. Qc7 Qa6 20. Be3 Nd5 21. Bxd5
Bxd5 22. Rab1 Re7 23. Qf4 Red7 24. a4 Bc4 25. Ne4 Ba2 26. Ra1 Nd4 27. Bxd4 Rxd4
28. Rxa2 Qe6 29. Rd2 Rxd2 30. Nxd2 Qxe2 31. Nf3 g5 32. Qf5 1-0

[Event "59th World Juniors 2022"]
[Site "Cala Gonone ITA"]
[Date "2022.10.18"]
[Round "7.22"]
[White "Gurel, Ediz"]
[Black "Ansat, Aldiyar"]
[Result "1-0"]
[WhiteTitle "IM"]
[BlackTitle "IM"]
[WhiteElo "2445"]
[BlackElo "2262"]
[WhiteFideId "44507356"]
[BlackFideId "13715658"]
[EventDate "2022.10.12"]

1. e4 c5 2. Nf3 Nc6 3. Bb5 e6 4. O-O Nge7 5. Re1 a6 6. Bf1 d5 7. exd5 Nxd5 8. d4
Be7 9. dxc5 Bxc5 10. c4 Nf6 11. Qxd8+ Nxd8 12. Nc3 O-O 13. Na4 Bd6 14. Be3 Nc6
15. Rad1 Bb4 16. Bd2 Bd7 17. Nb6 Rad8 18. Bxb4 Nxb4 19. a3 Nc6 20. b4 e5 21.
Nxe5 Nxe5 22. Rxe5 Be6 23. Ree1 Nd7 24. Rxe6 Nxb6 25. Rxd8 fxe6 26. Rd6 Na4 27.
c5 a5 28. Bc4 Rf4 29. Bxe6+ Kf8 30. g3 Rf6 31. f4 g6 32. Bb3 Rxd6 33. cxd6 Nc3
34. bxa5 Nb5 35. Bd5 1-0

[Event "59th World Juniors 2022"]
[Site "Cala Gonone ITA"]
[Date "2022.10.18"]
[Round "7.23"]
[White "Abdurakhmonov, Mukhammadali"]
[Black "Kozak, Antoni"]
[Result "0-1"]
[WhiteTitle "FM"]
[WhiteElo "2345"]
[BlackElo "2440"]
[WhiteFideId "14207346"]
[BlackFideId "21832030"]
[EventDate "2022.10.12"]

1. d4 d5 2. Nf3 Nf6 3. c4 e6 4. Qc2 dxc4 5. Qxc4 a6 6. Qc2 b5 7. Bg5 Bb7 8. Nbd2
Nbd7 9. e4 c5 10. dxc5 Bxc5 11. Be2 h6 12. Bh4 Rc8 13. Qb1 g5 14. Bg3 Bb4 15.
Qd3 g4 16. Nd4 Nc5 17. Qe3 Nfxe4 0-1

[Event "59th World Juniors 2022"]
[Site "Cala Gonone ITA"]
[Date "2022.10.18"]
[Round "7.24"]
[White "Harshavardhan, G B"]
[Black "Chukavin, Kirill"]
[Result "1-0"]
[WhiteTitle "IM"]
[BlackTitle "FM"]
[WhiteElo "2433"]
[BlackElo "2384"]
[WhiteFideId "25059009"]
[BlackFideId "4503023"]
[EventDate "2022.10.12"]

1. d4 Nf6 2. c4 e6 3. Nf3 d5 4. Nc3 c5 5. cxd5 cxd4 6. Qxd4 exd5 7. e4 dxe4 8.
Qxd8+ Kxd8 9. Ng5 Be6 10. Bf4 Bb4 11. O-O-O+ Nbd7 12. Nxe6+ fxe6 13. Nb5 Ke7 14.
Bg3 Rhc8+ 15. Kb1 a6 16. a3 Bc5 17. Nd6 Bxd6 18. Bxd6+ Kf7 19. Be2 Rc6 20. f3
Nd5 21. Bg3 N7f6 22. fxe4 Nxe4 23. Be5 Rac8 24. Bf3 Nef6 25. g4 Rc4 26. g5 Ng4
27. Bd4 Nge3 28. Bxe3 Nxe3 29. Rd7+ Kg6 30. Re1 Nf5 31. Rxe6+ Kxg5 32. Bxb7 Rc1+
33. Ka2 R8c2 34. h4+ Kxh4 35. Be4 Rf2 36. Bxf5 Rxf5 37. Rxg7 h5 38. Rxa6 Rc4 39.
Rag6 Rg4 40. b4 Rf3 41. Rxg4+ hxg4 42. b5 g3 43. b6 Rf6 44. b7 Rb6 45. a4 g2 46.
Rxg2 Rxb7 47. Ka3 Re7 48. a5 Re5 49. Kb4 Re4+ 50. Kb5 Re5+ 51. Kb6 Re6+ 52. Kc7
Re7+ 53. Kd6 Ra7 54. Ra2 Kg5 55. a6 Kf6 56. Kc6 1-0

[Event "59th World Juniors 2022"]
[Site "Cala Gonone ITA"]
[Date "2022.10.18"]
[Round "7.25"]
[White "Utsab, Chatterjee"]
[Black "Olsen, Filip Boe"]
[Result "0-1"]
[BlackTitle "IM"]
[WhiteElo "2345"]
[BlackElo "2433"]
[WhiteFideId "46609148"]
[BlackFideId "1440640"]
[EventDate "2022.10.12"]

1. e4 c6 2. d4 d5 3. exd5 cxd5 4. Nf3 Nc6 5. Bb5 a6 6. Bxc6+ bxc6 7. c4 e6 8.
Ne5 Bd6 9. Bf4 Ne7 10. Qa4 O-O 11. c5 Bb8 12. Bg3 Qe8 13. Nd2 f6 14. Nd3 e5 15.
Nb3 Qg6 16. O-O-O e4 17. Nb4 f5 18. f4 Qh6 19. Rhf1 a5 20. Nxa5 Bb7 21. Nc2 Ba6
22. Rf2 g5 23. fxg5 Qxg5+ 24. Kb1 Bb5 25. Qb4 f4 26. a4 Bc7 27. axb5 Bxa5 28.
Qa3 Bc7 29. Bxf4 Bxf4 30. Qh3 cxb5 31. Qe6+ Kg7 32. Rdf1 Ng6 33. g3 Bd2 34. Rf7+
Kh8 35. R1f5 Rxf7 36. Rxg5 Rf1+ 37. Ne1 Bxg5 38. Qxd5 Rxe1+ 39. Kc2 Rc1+ 40. Kb3
Re8 41. Qxg5 e3 42. Qf6+ Kg8 43. Qc6 Re7 44. d5 e2 0-1

[Event "59th World Juniors 2022"]
[Site "Cala Gonone ITA"]
[Date "2022.10.18"]
[Round "7.26"]
[White "Gaal, Zsoka"]
[Black "Petriashvili, Nikoloz"]
[Result "0-1"]
[WhiteTitle "WIM"]
[BlackTitle "IM"]
[WhiteElo "2298"]
[BlackElo "2428"]
[WhiteFideId "777765"]
[BlackFideId "13611216"]
[EventDate "2022.10.12"]

1. Nf3 Nf6 2. g3 b5 3. Bg2 Bb7 4. O-O e6 5. d3 c5 6. c4 bxc4 7. dxc4 Be7 8. Nc3
O-O 9. Qc2 d6 10. Rd1 a6 11. Bf4 Qc7 12. Rac1 Rd8 13. b3 h6 14. Qb1 Nc6 15. Na4
e5 16. Bd2 Nd4 17. Nxd4 Bxg2 18. Ne6 fxe6 19. Kxg2 Qc6+ 20. Kg1 e4 21. Qc2 Rf8
22. Rf1 Rac8 23. a3 d5 24. cxd5 exd5 25. Bc3 Qe6 26. Bxf6 Rxf6 27. e3 Rf3 28.
Qe2 h5 29. Rc2 h4 30. Rfc1 Rcf8 31. Nxc5 Bxc5 32. Rxc5 Rxf2 33. Qh5 h3 34. g4 d4
35. Qxh3 d3 36. Rh5 d2 37. Rh8+ Kf7 38. Rc7+ Ke8 39. Rxf8+ Rxf8 40. Qh5+ Kd8 41.
Qg5+ Kxc7 42. Qc5+ Kd7 0-1

[Event "59th World Juniors 2022"]
[Site "Cala Gonone ITA"]
[Date "2022.10.18"]
[Round "7.27"]
[White "Veiga, Jose Francisco R P Neves"]
[Black "Vestby-Ellingsen, Mads"]
[Result "1/2-1/2"]
[WhiteTitle "IM"]
[BlackTitle "IM"]
[WhiteElo "2409"]
[BlackElo "2365"]
[WhiteFideId "1930087"]
[BlackFideId "1520857"]
[EventDate "2022.10.12"]

1. e4 c5 2. Nf3 Nc6 3. Nc3 d6 4. Bb5 e5 5. d3 h6 6. Nd2 Nf6 7. Nc4 Be7 8. O-O
O-O 9. Ne3 Nd4 10. Bc4 Kh7 11. a4 Rb8 12. f4 exf4 13. Rxf4 Be6 14. Ncd5 Nxd5 15.
exd5 Bg5 16. Rf1 Bd7 17. c3 b5 18. axb5 Nxb5 19. Bxb5 Bxb5 20. Rxa7 Kg8 21. c4
Bd7 22. Nf5 Bxf5 23. Rxf5 Qb6 24. Rd7 Bxc1 25. Qxc1 Qxb2 26. Qxb2 Rxb2 27. Rf2
Rb1+ 28. Rf1 Rb2 29. g3 Ra8 30. Rf2 Rxf2 31. Kxf2 Ra6 32. Rd8+ Kh7 33. Ke3 Kg6
34. Rc8 Ra7 35. Rc6 Rd7 36. d4 cxd4+ 37. Kxd4 Kf5 38. Ra6 h5 39. Ra2 Rc7 40. Ra6
Rd7 41. Ra2 Rc7 42. Rc2 Ra7 43. Rf2+ Kg5 44. Rf4 Rc7 45. Rf2 Ra7 46. Rc2 Kf5 47.
Rb2 Rc7 48. Rb8 Kf6 49. Rh8 g6 50. Re8 Ra7 51. Re2 Ra3 52. Rb2 Ke7 53. Rb7+ Ke8 1/2-1/2

[Event "59th World Juniors 2022"]
[Site "Cala Gonone ITA"]
[Date "2022.10.18"]
[Round "7.28"]
[White "Zemach, Nadav"]
[Black "Ramoutar, Alan-Safar"]
[Result "1-0"]
[WhiteTitle "FM"]
[BlackTitle "IM"]
[WhiteElo "2293"]
[BlackElo "2449"]
[WhiteFideId "2820927"]
[BlackFideId "7704224"]
[EventDate "2022.10.12"]

1. d4 d5 2. c4 e6 3. Nf3 Nf6 4. g3 Bb4+ 5. Nbd2 dxc4 6. Bg2 b5 7. a4 c6 8. Qc2
Bb7 9. O-O a5 10. b3 c3 11. Nb1 bxa4 12. bxa4 c5 13. Nxc3 cxd4 14. Nb5 O-O 15.
Nfxd4 Bxg2 16. Kxg2 Qd5+ 17. Nf3 Na6 18. Bd2 Rfc8 19. Qb2 Bxd2 20. Qxd2 Nc5 21.
Qf4 Qe4 22. Qxe4 Nfxe4 23. Rfc1 g5 24. Nfd4 g4 25. Rc2 e5 26. Nf5 Rd8 27. Nh6+
Kg7 28. Nxg4 Rd2 29. Rxd2 Nxd2 30. Ra2 Ncb3 31. Nxe5 Re8 32. Nf3 Ne4 33. e3 Rc8
34. Nfd4 Nbc5 35. Rc2 Re8 36. Nd6 Rb8 37. Nxe4 Nxe4 38. Nb5 Rd8 39. Rc4 Nf6 40.
Nd4 Nd7 41. Nc6 Ra8 42. Rd4 Nb6 43. Rf4 Rc8 44. Nxa5 Ra8 45. Nc4 Nxa4 46. Nd6 f6
47. Ne4 Nb2 48. Rxf6 Ra4 49. Rf4 1-0

[Event "59th World Juniors 2022"]
[Site "Cala Gonone ITA"]
[Date "2022.10.18"]
[Round "7.29"]
[White "Stankovic, Dragan"]
[Black "Muradli, Mahammad"]
[Result "0-1"]
[BlackTitle "GM"]
[WhiteElo "2181"]
[BlackElo "2550"]
[WhiteFideId "14408740"]
[BlackFideId "13409301"]
[EventDate "2022.10.12"]

1. e4 c5 2. Nf3 d6 3. d4 cxd4 4. Nxd4 Nf6 5. Nc3 a6 6. Be3 e5 7. Nf3 Qc7 8. a4
Be6 9. Be2 h6 10. O-O Qc6 11. Qd3 Nbd7 12. Rfd1 Rc8 13. Nd5 Bxd5 14. exd5 Qc7
15. Nd2 Qxc2 16. Rac1 Qxc1 17. Rxc1 Rxc1+ 18. Nf1 Rc7 19. b4 Be7 20. Ng3 g6 21.
a5 h5 22. h4 Kf8 23. Bg5 Kg7 24. Qd2 Rhc8 25. Kh2 Rc2 26. Qd1 Rb2 27. f4 exf4
28. Bxf4 Rcc2 29. Kh3 Ne5 30. Qe1 Nfg4 31. Bxe5+ Nxe5 32. Bf1 Rb3 0-1

[Event "59th World Juniors 2022"]
[Site "Cala Gonone ITA"]
[Date "2022.10.18"]
[Round "7.30"]
[White "Neelash, Saha"]
[Black "Nemeth, Zalan"]
[Result "1/2-1/2"]
[WhiteTitle "IM"]
[WhiteElo "2446"]
[BlackElo "2247"]
[WhiteFideId "5094160"]
[BlackFideId "2512041"]
[EventDate "2022.10.12"]

1. e4 e5 2. Nf3 Nf6 3. Nxe5 d6 4. Nf3 Nxe4 5. Bd3 d5 6. O-O Be7 7. Re1 Nd6 8.
Qe2 Nc6 9. Nc3 Be6 10. Nb5 Bf6 11. Nxd6+ Qxd6 12. Bf5 O-O 13. Bxe6 fxe6 14.
Qxe6+ Qxe6 15. Rxe6 Nd4 16. Rxf6 Rfe8 17. Rf4 Ne2+ 18. Kf1 Nxf4 19. d4 Rf8 20.
Ne5 Ne6 21. Be3 Rae8 22. c3 Nd8 23. Re1 Re6 24. Nd3 c6 25. a4 b6 26. a5 Nb7 27.
axb6 axb6 28. Bf4 Rxe1+ 29. Kxe1 Rc8 30. b4 Kf7 31. Be5 g6 32. Kd2 Ke6 33. b5
Nd6 34. bxc6 Nc4+ 35. Kc2 Rxc6 36. Bg3 g5 37. h4 h6 38. hxg5 hxg5 39. Nb4 Rc8
40. Na6 Nd6 41. Kb3 g4 42. f3 gxf3 43. gxf3 Rc4 44. Bxd6 Kxd6 45. Nb4 Rc8 46.
Nd3 Rh8 47. Ne5 Rh2 48. Ng4 Re2 49. Ne5 Rf2 50. Nf7+ Kc6 51. Ne5+ Kd6 52. Nf7+
Kc6 53. Ne5+ Kd6 1/2-1/2

[Event "59th World Juniors 2022"]
[Site "Cala Gonone ITA"]
[Date "2022.10.18"]
[Round "7.31"]
[White "Baenziger, Fabian"]
[Black "Guz, Ari"]
[Result "1/2-1/2"]
[WhiteTitle "IM"]
[BlackTitle "FM"]
[WhiteElo "2439"]
[BlackElo "2305"]
[WhiteFideId "1330110"]
[BlackFideId "2825759"]
[EventDate "2022.10.12"]

1. d4 Nf6 2. c4 e6 3. Nf3 d5 4. g3 Be7 5. Bg2 O-O 6. O-O dxc4 7. Qc2 b5 8. a4 b4
9. Nbd2 Bb7 10. Nxc4 c5 11. Rd1 Nbd7 12. Bf4 Be4 13. Qb3 Bd5 14. Nfe5 Rc8 15.
Nxd7 Qxd7 16. dxc5 Bxc5 17. Bxd5 exd5 18. Ne5 Qe6 19. Nd3 a5 20. Nxc5 Rxc5 21.
Qd3 Re8 22. Be3 Rc4 23. Bd4 Ne4 24. Be3 Nf6 25. Bd4 Ne4 26. Be3 Nf6 1/2-1/2

[Event "59th World Juniors 2022"]
[Site "Cala Gonone ITA"]
[Date "2022.10.18"]
[Round "7.32"]
[White "Moksh, Amit Doshi"]
[Black "Oye-Stromberg, Alexander"]
[Result "1/2-1/2"]
[WhiteTitle "IM"]
[BlackTitle "FM"]
[WhiteElo "2430"]
[BlackElo "2233"]
[WhiteFideId "25064967"]
[BlackFideId "1525999"]
[EventDate "2022.10.12"]

1. d4 Nf6 2. c4 e6 3. Nf3 d5 4. Nc3 Bb4 5. Bg5 h6 6. Bh4 dxc4 7. a3 Bxc3+ 8.
bxc3 b5 9. a4 c6 10. Nd2 Nbd7 11. Qb1 a6 12. e4 e5 13. Be2 O-O 14. O-O Re8 15.
Qc2 exd4 16. cxd4 Qb6 17. f4 c3 18. Qxc3 Nxe4 19. Nxe4 Rxe4 20. Bf3 Qxd4+ 21.
Qxd4 Rxd4 22. axb5 Rxf4 23. Bxc6 Rxh4 24. Bxa8 axb5 25. Bc6 Nb6 26. Ra7 Be6 27.
Be8 Rg4 28. Bxb5 Nc4 29. Re1 Rg5 30. Bc6 Re5 31. Rd1 g6 32. Rd4 Rf5 33. Be4 Rf6
34. Ra6 Ne3 35. h3 Kg7 36. Bd3 Nd5 37. h4 h5 38. Kh2 Ne3 39. Kg1 Nd5 40. Be4 Ne3
41. Bf3 Bg4 42. Rxf6 Kxf6 43. Rf4+ Kg7 44. Bc6 Be6 45. Kf2 Ng4+ 46. Kg3 Nh6 47.
Kf3 Nf5 48. Ke4 Kf6 49. Bb7 Ke7 50. Ba8 Kd6 51. Kf3 Ke7 52. Rb4 Kf6 53. g3 Nh6
54. Kf4 Nf5 55. Bf3 Kg7 56. Rb6 Nd4 57. Bd1 Nf5 58. Be2 Nd4 59. Bd3 Bf5 60. Bf1
Be6 61. Ra6 Nf5 62. Ra3 Nd4 63. Ke5 Nc6+ 64. Kd6 Nd4 65. Ke7 Nf5+ 66. Ke8 Nd6+
67. Ke7 Nf5+ 68. Kd8 Nh6 69. Bd3 Nf5 70. Be4 Nd6 71. Bc6 Nf5 72. Rd3 Nh6 73. Ke7
Ng8+ 74. Ke8 Nf6+ 75. Kd8 Kg8 76. Bb5 Kg7 77. Re3 Kg8 78. Be2 Kg7 79. Bd3 Ng4
80. Re1 Nf6 81. Bb5 Kf8 82. Ba4 Kg7 83. Bc2 Ng8 84. Re3 Nf6 85. Re5 Ng4 86. Rc5
Nf6 87. Ke7 Nd5+ 88. Kd6 Ne3 89. Bd3 Nf5+ 90. Bxf5 Bxf5 91. Ke5 Be6 92. Kd6 Kf6
93. Ra5 Bg4 94. Ra6 Be6 95. Rb6 Bf5 96. Rb4 Bg4 97. Rf4+ Bf5 98. Kd5 Kg7 99. Ke5
Be6 100. Kd6 Kf8 101. Rf6 Bb3 102. Rf3 Bc4 103. Rf4 Be6 104. Re4 Bf5 105. Re5
Bg4 106. Rg5 Kg7 107. Re5 1/2-1/2

[Event "59th World Juniors 2022"]
[Site "Cala Gonone ITA"]
[Date "2022.10.18"]
[Round "7.33"]
[White "Siddharth, Jagadeesh"]
[Black "Avila Rodriguez, Joshua Ad"]
[Result "1-0"]
[WhiteTitle "IM"]
[BlackTitle "CM"]
[WhiteElo "2415"]
[BlackElo "2225"]
[WhiteFideId "5818320"]
[BlackFideId "5126444"]
[EventDate "2022.10.12"]

1. d4 Nf6 2. c4 e6 3. Nc3 Bb4 4. e3 O-O 5. Bd3 d5 6. a3 Bxc3+ 7. bxc3 dxc4 8.
Bxc4 c5 9. Ne2 Qc7 10. Ba2 b6 11. O-O Ba6 12. Re1 Nc6 13. Ng3 Rfd8 14. Rb1 Rac8
15. Rb2 Ne7 16. e4 Nc6 17. e5 Ne8 18. Bg5 Rd7 19. Rd2 cxd4 20. cxd4 Ne7 21. Qg4
Bb7 22. Nh5 Ng6 23. h4 Bd5 24. Bb1 Qb7 25. f3 Rdc7 26. Ng3 Rc1 27. Rdd1 Rxd1 28.
Rxd1 b5 29. Ne4 a5 30. h5 Nf8 31. Bh6 g6 32. Qf4 b4 33. Nf6+ 1-0

[Event "59th World Juniors 2022"]
[Site "Cala Gonone ITA"]
[Date "2022.10.18"]
[Round "7.34"]
[White "Lumachi, Gabriele"]
[Black "Hercegovac, Neven"]
[Result "1-0"]
[WhiteTitle "FM"]
[WhiteElo "2387"]
[BlackElo "2175"]
[WhiteFideId "2817247"]
[BlackFideId "2839135"]
[EventDate "2022.10.12"]

1. d4 Nf6 2. c4 c5 3. d5 b5 4. cxb5 a6 5. e3 g6 6. Nc3 Bg7 7. a4 O-O 8. e4 e6 9.
e5 Ne8 10. Nf3 d6 11. Be3 Qc7 12. Bc4 dxe5 13. dxe6 Bxe6 14. Bd5 Ra7 15. a5 Qe7
16. Bxe6 Qxe6 17. Bxc5 Rd7 18. Qe2 Nd6 19. bxa6 Rc8 20. a7 Nc6 21. O-O Nxa7 22.
Na4 e4 23. Ng5 Qd5 24. Bxd6 Qxg5 25. Nb6 Rxd6 26. Nxc8 Nxc8 27. Qxe4 Rd8 28. a6
Na7 29. Rad1 Bxb2 30. Qe3 Qh4 31. Rxd8+ Qxd8 32. Qxa7 1-0

[Event "59th World Juniors 2022"]
[Site "Cala Gonone ITA"]
[Date "2022.10.18"]
[Round "7.35"]
[White "Milosevic, Milos"]
[Black "Andreev, Konstantin"]
[Result "0-1"]
[WhiteTitle "FM"]
[BlackTitle "CM"]
[WhiteElo "2379"]
[BlackElo "2206"]
[WhiteFideId "964875"]
[BlackFideId "24239305"]
[EventDate "2022.10.12"]

1. c4 Nf6 2. Nc3 e5 3. e3 Nc6 4. a3 a5 5. Nf3 g6 6. d4 exd4 7. exd4 Bg7 8. d5
Ne7 9. Bd3 O-O 10. O-O d6 11. h3 Bd7 12. Bg5 Re8 13. Qd2 Bf5 14. Bxf5 Nxf5 15.
g4 Ne7 16. Rae1 Kh8 17. Bh6 Bxh6 18. Qxh6 Neg8 19. Qf4 h6 20. Re3 Qd7 21. Kg2
Rxe3 22. fxe3 Re8 23. g5 hxg5 24. Nxg5 Kg7 25. Rf3 Re5 26. e4 Qe7 27. h4 Nh6 28.
Rh3 Nh5 29. Qd2 Qd7 30. Ne2 Qg4+ 31. Kh2 Nf5 32. Nf3 Rxe4 33. b3 Rxe2+ 34. Qxe2
Qxh3+ 0-1

[Event "59th World Juniors 2022"]
[Site "Cala Gonone ITA"]
[Date "2022.10.18"]
[Round "7.36"]
[White "Martins, Bruno Andre Leite"]
[Black "Brahami, Lamine"]
[Result "0-1"]
[WhiteTitle "FM"]
[BlackTitle "IM"]
[WhiteElo "2306"]
[BlackElo "2188"]
[WhiteFideId "1942255"]
[BlackFideId "7905637"]
[EventDate "2022.10.12"]

1. d4 Nf6 2. c4 g6 3. Nc3 Bg7 4. e4 d6 5. f3 O-O 6. Be3 e5 7. d5 c6 8. Qd2 cxd5
9. cxd5 a6 10. Bd3 Nh5 11. Nge2 f5 12. exf5 gxf5 13. O-O-O b5 14. g4 fxg4 15.
fxg4 Nf6 16. h3 b4 17. Ne4 Nxe4 18. Bxe4 Nd7 19. Qxb4 Nf6 20. Ng3 a5 21. Qd2 Rb8
22. Kb1 Nxe4 23. Nxe4 Rb4 24. Nc3 e4 25. a3 Ba6 26. Bh6 Bd3+ 27. Ka1 Rxb2 28.
Kxb2 Qb6+ 29. Ka1 Rf2 30. Bxg7 Rxd2 31. Rxd2 Kxg7 32. Re1 Qc5 33. Kb2 Qc4 34.
Rc1 a4 35. Ka1 Qc5 36. Na2 Qxd5 37. Rc7+ Kg6 38. Rc3 Qd4 39. Kb2 Qe3 40. Kc1 d5
41. Rc6+ Kg5 42. Nb4 Bb5 43. Nc2 Qg1+ 44. Rd1 Qxd1+ 45. Kxd1 Bxc6 46. Ke2 Kf4
47. Kf2 Bb5 48. Ne3 d4 49. Ng2+ Ke5 50. h4 Bd7 51. g5 e3+ 52. Kg3 Ke4 53. h5 Be8
54. g6 Bxg6 55. hxg6 hxg6 0-1

[Event "59th World Juniors 2022"]
[Site "Cala Gonone ITA"]
[Date "2022.10.18"]
[Round "7.37"]
[White "Johannsson, Birkir Isak"]
[Black "Bettalli, Francesco"]
[Result "1/2-1/2"]
[BlackTitle "FM"]
[WhiteElo "2165"]
[BlackElo "2267"]
[WhiteFideId "2314673"]
[BlackFideId "2816453"]
[EventDate "2022.10.12"]

1. c4 g6 2. e4 c5 3. Nf3 Nc6 4. d4 cxd4 5. Nxd4 Nf6 6. Nc3 d6 7. Be2 Nxd4 8.
Qxd4 Bg7 9. Be3 O-O 10. Qd3 a5 11. O-O a4 12. Bd4 Bd7 13. b4 Be6 14. Rac1 Nd7
15. Bxg7 Kxg7 16. Qd4+ f6 17. f4 Qb6 18. Qxb6 Nxb6 19. Nd5 Bxd5 20. cxd5 Rac8
21. Kf2 f5 22. Ke3 Kf6 23. g3 h6 24. Kd4 Rfd8 25. exf5 Kxf5 26. Bd3+ Kf6 27.
Rxc8 Rxc8 28. Re1 Kf7 29. Re6 Rg8 30. a3 g5 31. Rxh6 gxf4 32. gxf4 Rg4 33. Rh7+
Kf6 34. Rh6+ Kg7 35. Rh7+ Kf6 36. Rh6+ Kg7 37. Rh7+ 1/2-1/2